2000 1871 1853 1218 1279 1820 1904 1836 1643 1647 1716 1773 1113 1186 1800 1312 1192 1692 1286 1545 1288 1360 1324 1529 1625 1949 1125 1430 1519 1305 1942 1117 1800 1179 1720 1652 1088 1199 1206 1379 1905 1172 1048 1268 1218 1887 1190 1294 1813 1076 1198 1540 1739 1700 1468 1777 1406 1403 1552 1021 1244 1931 1912 1424 1699 1256 1228 1183 1536 1912 1962 1377 1638 1822 1451 1961 1752 1130 1116 1387 1055 1711 1440 1249 1778 1980 1850 1107 1137 1679 1773 1284 1530 1188 1970 1461 1219 1307 1066 BCNSPRNW ULIB Ver.6.0+V

เปลี่ยนเป็นภาษาไทย

Change to English
 แสดงรายละเอียดบรรณานุกรม
  กลับหน้าหลัก

Brief Record : Get Marc (ISO 2709) : E-mail record : QR code < ปิดหน้าต่าง
LEADER : 00000nam 2200000uu 4500
001    13399111190
003     ULIB
008    110620s||||||||th 000 0 tha d
020    9789742248376
050  4 BF637^bช446ค 2551
100 0  ชัยเสฏฐ์ พรหมศรี
245 10 คิดสุข ทุกข์จาง = slim up your life /^cชัยเสฎฐ์ พรหมศรี
250    พิมพ์ครั้งที่ 1
260    กรุงเทพฯ :^bLazy-day,^c2551
300    174 หน้า ;^c19 ซม.
650  7 การดำเนินชีวิต
650  7 ความสุข
650  7 จิตวิทยาประยุกต์
945    ^p155^l0^i025136
995    ทศพร
999 ^a ใช้งานได้ทุกระบบ
รายการนี้ยังไม่มีแท็ก
คุณยังไม่ได้ล็อกอิน คุณสามารถมีกิจกรรมร่วมกับเว็บไซต์ได้ แต่ต้องล็อกอินก่อน ::
  ล็อกอิน

รายการสื่อสารสนเทศ

ลำดับที่ ประเภท เลขเรียก/บาร์โค้ด สถานที่ สถานะ
- ไม่พบข้อมูล -

รายการใกล้เคียง
    ผู้แต่ง [ชัยเสฏฐ์ พรหมศรี]

    หัวเรื่อง [การดำเนินชีวิต]
    หัวเรื่อง [ความสุข]
    หัวเรื่อง [จิตวิทยาประยุกต์]

BibComment


ยังไม่เคยถูกคอมเมนท์

คอมเมนท์ทรัพยากรรายการนี้
  คอมเมนท์: คิดสุข ทุกข์จาง ..


 Copyright 2026. Bcnsprnw @Library